000 03238nam a2200325 a 4500
001 BRCA_2638
005 20190320203912.0
008 011208s1883----sp-a---###---#000-0#spa-u
041 _aspa
044 _asp
084 _a193
_b.M67
_c1883
100 1 _aCervantes Saavedra, Miguel de
_d1547-1616
_9213
245 1 0 _aEl Ingenioso Hidalgo Don Quijote de la Mancha
_ccompuesto por Miguel de Cervantes Saavedra.
260 _aBarcelona
_bMontaner y Simón
_c1883
300 _a2 v.
_bil. (algunas a color)
_c39 cm.
500 _aContenido : v 1. Primera parte. Retrato de Cervantes. Vida de Cervantes por Nicolás Díaz de Benjumea. Dedicatoria del autor. Prólogo del autor. Versos preliminares. Notas sobre el sentido espiritual del Quijote. Texto. -- v 2. Segunda parte. Dedicatoria del autor. Prólogo del autor. Notas. Texto
500 _aEdición : Anotada por Nicolás Díaz de Bejumea e ilustrada por Ricardo Balaca
500 _aMagnífica edición monumental que constituye un verdadero orgullo del arte gráfico catalán, debido al indiscutible mérito de los dos artistas, Balaca y Pellicer, que tan concienzudamente supieron ilustrarla con sus dibujos, así como al retrato de Cervantes, primorosamente grabado por B. Maura. Lástima que la parte literaria de esta suntuosa edición no esté a la altura y nivel de su soberbia impresión, ya que los editores tuvieron el desacierto de tomar por modelo el texto tan adulterado y viciado de la edición arreglada por E. Hartzenbusch, al cual sigue paso a paso, salvo en contadas y ligeras variantes. En cambio, acertaron en restituir el escudo de la edición príncipe, como también en encargar las notas y la biografía de Cervantes al célebre patriarca de los esoteristas, agudo y perspicaz cervantista, Nicolás Díaz de Bejumena, quién a pesar de muchos desvaríos y fantasías en torno al sentido esotérico de la obra, aportó mucho al esclarecimineto de la realidad histórica de la época cervantina y llamó poderosamente la atención de la crítica objetiva a los profundos problemas de la filosofía de la vida y las sátiras que pululan en la novela. Asimismo la biografía de Cervantes, escrita por el mismo comentador, está llena de penetrantes ideas nuevas sobre la vida ejemplar y heróica del Manco de Lepanto, sus desdichas y sufrimientos. Díaz de Bejumea fue, además, un vigoroso y ágil polemista contra la absurda tesis conservadora, según la cual el Quijote no sería más que una pobre burla de los libros de caballería, tesis aún hoy tenazmente defendida por los críticos conservadores. Bellamente encuadernada y profusamente decorada con adornos multicolores Lúdovik Osterc
500 _aEstado físico : Ecuadernación desprendida
500 _aQM183
650 1 4 _aNovela española
_yÉpoca clásica, 1500-1700
_9215
650 1 4 _aLiteratura española
_yÉpoca clásica, 1500-1700
_9216
650 1 4 _aNovela española
_ySiglo XVII
_9217
650 1 4 _aDon Quijote (Personaje ficticio)
_eNovela
_9218
700 1 _aDíaz de Bejumea, Nicolás
_d1820-1884
_eAnotador
_97506
700 1 _aBalaca y Canseco, Ricardo
_d1844-1880
_eIlustrador
_97507
740 0 _aEl Ingenioso Hidalgo Don Quijote de la Mancha
902 _aQFM
942 _2lcc
_cB
999 _c2378
_d2378